Movies Quiz

Random Movies or Oscar Quiz

Academy Award for Best Makeup Quiz Stats

 Plays Quiz not verified by Sporcle

Score 0/31 Timer 10:00
0 Plays Today
Year Winner for Best Makeup % Correct
2012Les Miserables
90%
2011The Iron Lady
86.8%
2001The Lord of the Rings: The Fellowship of the Ring
85%
2008The Curious Case of Benjamin Button
85%
2003The Lord of the Rings: The Return of the King
84.3%
1991Terminator 2: Judgement Day
80%
1995Braveheart
79.3%
2009Star Trek
79.3%
1984Amadeus
73.6%
1998Elizabeth
72.1%
2002Frida
71.4%
1989Driving Miss Daisy
68.6%
1993Mrs. Doubtfire
67.9%
1986The Fly
67.1%
2007La Vie En Rose
66.4%
1996The Nutty Professor
65.7%
Year Winner for Best Makeup % Correct
1985Mask
65%
2000Dr. Seuss' How the Grinch Stole Christmas
65%
1988Beetlejuice
62.1%
1994Ed Wood
62.1%
1997Men in Black
61.4%
1990Dick Tracy
59.3%
1992Bram Stoker's Dracula
58.6%
2004Lemony Snicket's A Series of Unfortunate Events
52.1%
2006Pan's Labyrinth
51.4%
1981An American Werewolf in London
37.9%
1987Harry and the Hendersons
35%
2005The Chronicles of Narnia: The Lion, the Witch, and the Wardrobe
34.3%
1999Topsy-Turvy
33.6%
2010The Wolfman
23.6%
1982Quest for Fire
20%

You're not logged in!

Compare scores with friends on all Sporcle quizzes.
OR
Log In

You Might Also Like...

Show Comments

Extras

Top Quizzes Today


Score Distribution

Your Account Isn't Verified!

In order to create a playlist on Sporcle, you need to verify the email address you used during registration. Go to your Sporcle Settings to finish the process.

Report this User

Report this user for behavior that violates our Community Guidelines.

Details: